000 00756nam a2200253Ia 4500
003 OSt
005 20221005045948.0
006 a|||||r|||| 00| 0
007 ta
008 221004b |||||||| |||| 00| 0 ben d
020 _a8170796288 (hbk)
_c200
024 _a4601
037 _b776, 18/03/2013, Bright Book Service
_cTextual
040 _aCRL
_cCRL
_bben
041 _2ben
_aben
082 _aO157,1N08x, N4.5
100 _aBose Buddhadeva
245 0 _aKabita sangraha
260 _aKolkata
_bSudhangshu Sekhar Dey Dey's Pub India
_c1994
300 _a298p.
_ccm.
650 _aBENGALI LITERATURE
942 _hO157,1N08x, N4.5
_cTEXL
_2cc
999 _c956019
_d956019